Movies Quiz

Random Movies or Box Office Quiz

Highest Grossing Three Word Movie Per Letter Quiz Stats

 Plays Quiz Updated Jun 7, 2018

Score 0/26 Timer 07:00
7 Plays Today
Letter - Gross Movie % Correct
F - $155,064,265Fast and Furious
85.4%
G - $138,433,435Good Will Hunting
84.1%
I - $409,013,994Iron Man 3
82%
T - $534,858,444The Dark Knight
81.4%
A - $678,815,482Avengers: Infinity War
75.6%
Y - $115,821,495You've Got Mail
73.6%
Q - $168,368,427Quantum of Solace
73.6%
L - $147,253,986Lethal Weapon 2
72.6%
P - $184,296,230Pitch Perfect 2
72.4%
B - $234,760,478Beverly Hills Cop
71.5%
R - $226,164,286Rush Hour 2
70%
V - $70,511,035 V for Vendetta
69.9%
C - $174,016,156Crazy Rich Asians
65.7%
Letter - Gross Movie % Correct
S - $322,719,944Shrek the Third
53.8%
J - $181,171,875Jurassic Park III
51.4%
E - $100,206,256Edge of Tomorrow
48.4%
W - $202,359,711World War Z
43.6%
N - $70,662,220No Strings Attached
41.8%
D - $368,061,265Despicable Me 2
41.2%
K - $215,434,591Kung Fu Panda
41.1%
Z - $95,720,716Zero Dark Thirty
38%
M - $623,357,910Marvel's The Avengers
35.6%
U - $44,364,244Up in Smoke
29.4%
X - $179,883,157X-Men Origins: Wolverine
27.2%
H - $169,700,110Hotel Transylvania 2
21.8%
O - $155,019,340Over the Hedge
16.1%

You're not logged in!

Compare scores with friends on all Sporcle quizzes.
OR
Log In

Show Comments

Extras

Top Quizzes Today


Score Distribution

Your Account Isn't Verified!

In order to create a playlist on Sporcle, you need to verify the email address you used during registration. Go to your Sporcle Settings to finish the process.

Report this User

Report this user for behavior that violates our Community Guidelines.

Details: